=LDR 00000nam 2200000 4500 =001 INLIS000000000045831 =005 20150211082747.0 =006 =007 =008 =035 ##$$0010-021500000000391 =040 ##$$a NBPDMAT =082 ##$$a 372.350 76 =090 ##$$a 372.350 76 $b Faw l =100 ##$$a Fawziyyah =245 ##$$a Lks utama Ilmu Pengetahuan Alam (IPA) untuk SD dan MI Kelas 1 Semester 1 $c Penyusun Fawziyyah; Penyunting Niniug Rahayu. =250 ##$$a Cet.1 =260 ##$$a Jakarta $b Widya Utama $c 2007 =300 ##$$a 72 hlm. : $b ilus. ; $c 29 cm. =650 ##$$a Sains SD - Soal, dsb. =700 ##$$a Ninug Rahayu =850 ##$$a NBPDMAT =990 ##$$a 0001/BPAP-NTB/20142015 =990 ##$$a 0001/BPAP-NTB/20142015 =990 ##$$a 0001/BPAP-NTB/20142015 =990 ##$$a 0001/BPAP-NTB/20142015 =990 ##$$a 0001/BPAP-NTB/20142015